000 00515nam a2200181Ia 4500
005 20250326123930.0
008 250326s9999 xx 000 0 und d
037 _aTextbook
040 _aFMSL
_beng
_cFMSL
041 _aeng
_2eng
084 _aTobX8:77 L3;3
_qFMSL
100 _aLynton R P
_9134233
245 0 _aTraining for development
_cLynton R P; Pareek U
260 _aBombay
_bBombay, Richard D Irwin
_c1973
300 _a408p
942 _cTB
_hTobX8:77 L3;3
999 _c1271541
_d1271541